00474nam a2200181 a 450000100060000000300090000600800410001502000150005604000280007108200100009910000160010924500470012526000460017230000110021849000250022965000160025465000220027017494CO-ViMGA141112s2004 ck r 000 u spa d a847722126X aCO-ViMGAbspacCO-ViMGA04aMASco1 aMasters, M.10aEl caso del disco volador y ocho casos mas aBarcelona (España), cTimun Mas, c1991 a107.p. aResuelve el misterio14aADIVINANZAS14aJUEGOS INFANTILES